Vista normal
Vista MARC
Entrada Personal Name
Número de registros utilizados en: 1
001 - CONTROL NUMBER
- control field: 17510
003 - CONTROL NUMBER IDENTIFIER
- control field: Mx-PuUPA
005 - DATE AND TIME OF LATEST TRANSACTION
- control field: 20250925095414.0
008 - FIXED-LENGTH DATA ELEMENTS
- fixed length control field: 250925|| aca||aabn | a|a d
040 ## - CATALOGING SOURCE
- Original cataloging agency: Mx-PuUPA
- Language of cataloging: spa
- Transcribing agency: Mx-PuUPA
- Modifying agency: Mx-PuUPA
- Description conventions: rda
100 1# - HEADING--PERSONAL NAME
- Personal name: González, Carmen,
373 ## - ASSOCIATED GROUP
- Associated group: Universidad Católica de Santa Fe
- Associated group: Facultad de Filosofía, Psicología y Humanidades
374 ## - OCCUPATION
- Occupation: Autrora
- Occupation: Doictora en filosofía
- Occupation: Docente de las cátedras de Ética, Antropología Filosófica y Filosofía de la Educación
375 ## - GENDER
- Gender: mujer
377 ## - ASSOCIATED LANGUAGE
- Language code: spa
670 ## - SOURCE DATA FOUND
- Source citation: Fenomenología, ontología y ética: La fundamentación de la moral en Karol Woityla, 2013:
- Information found: t.p. ( Carmen González) portada